[Event "ICS rated blitz match"]
[Site "204.178.125.65"]
[Date "1999.08.24"]
[Round "?"]
[White "MateGoD"]
[Black "Hossa"]
[Result "1-0"]
[WhiteElo "2380"]
[BlackElo "2438"]
[PlyCount "86"]

1. d4 c5 2. d5 Nf6 3. c4 e5 4. Nc3 d6 5. e4 Be7 6. Nf3 O-O 7. h3 Ne8 8. Bd3 f5
9. exf5 Bxf5 10. Bxf5 Rxf5 11. Be3 Nc7 12. Qd3 Rf7 13. Ne4 Qd7 14. Bxc5 b5 15.
cxb5 Rxf3 16. gxf3 dxc5 17. d6 Bf8 18. Qb3+ Ne6 19. Qd5 Qxb5 20. Qxe6+ Kh8 21.
Qc8 Kg8 22. Rd1 Qd7 23. Qxc5 Nc6 24. Qd5+ Kh8 25. Ng5 g6 26. Rc1 Rc8 27. Qf7
Qxf7 28. Nxf7+ Kg7 29. d7 Bb4+ 30. Ke2 Rg8 31. Rxc6 Kxf7 32. Rc7 Rd8 33. Rxa7
Ke6 34. f4 exf4 35. Rd1 Bd6 36. Kf3 Bb8 37. Ra8 Bc7 38. Rc8 Ba5 39. b4 Ke7 40.
bxa5 Rxd7 41. Rxd7+ Kxd7 42. Rc1 g5 43. a6 43... h5 {Hossa resigns} 1-0

[Event "ICS rated blitz match"]
[Site "204.178.125.65"]
[Date "1999.08.24"]
[Round "?"]
[White "zhora"]
[Black "Hossa"]
[Result "0-1"]
[WhiteElo "2062"]
[BlackElo "2419"]
[PlyCount "104"]

1. Nc3 Nf6 2. e4 e5 3. d3 Bb4 4. Bd2 d5 5. exd5 Nxd5 6. Nxd5 Bxd2+ 7. Qxd2 Qxd5
8. Nf3 Nc6 9. Be2 O-O 10. O-O f6 11. h3 Rd8 12. Qc3 Bf5 13. a3 Qe6 14. Nh4 Nd4
15. Bd1 Bxh3 16. gxh3 Qxh3 17. Ng2 Rd7 18. Qd2 Nf3+ 19. Bxf3 Qxf3 20. Qe3 Qh5
21. Rfe1 Rd5 22. Qe4 c6 23. Qh4 Qf7 24. Re3 Rd4 25. Re4 c5 26. Rae1 Qa2 27.
Rxd4 cxd4 28. c3 Qxb2 29. cxd4 exd4 30. Qe4 Qxa3 31. Qxb7 Rd8 32. Qe7 Qa5 33.
Qe6+ Kf8 34. f4 Qa3 35. Nh4 a5 36. Nf5 Rb8 37. Qe7+ Qxe7 38. Nxe7 Re8 39. Ra1
Rxe7 40. Rxa5 Re3 41. Ra3 Rf3 42. Kg2 Rxf4 43. Kg3 g5 44. Ra7 h5 45. Rh7 h4+
46. Kg2 f5 47. Rh5 Rg4+ 48. Kf2 Rg3 49. Ke2 Kg7 50. Kd2 f4 51. Ke2 Re3+ 52. Kd2
52... Re5 {zhora resigns} 0-1

[Event "ICS rated blitz match"]
[Site "204.178.125.65"]
[Date "1999.08.24"]
[Round "?"]
[White "Hossa"]
[Black "Storchnoi"]
[Result "1-0"]
[WhiteElo "2427"]
[BlackElo "2189"]
[PlyCount "71"]

1. d4 Nf6 2. c4 e6 3. Nc3 Bb4 4. Bg5 h6 5. Bh4 c5 6. d5 d6 7. Rc1 Qe7 8. dxe6
Qxe6 9. Bxf6 Qxf6 10. e4 Nc6 11. a3 Bxc3+ 12. Rxc3 O-O 13. Ne2 b6 14. Ng3 Bb7
15. f3 Ne5 16. Be2 Rad8 17. Nf5 Kh7 18. O-O g6 19. Ne3 Qh4 20. f4 Nc6 21. Ng4
Nd4 22. Rh3 Qe7 23. Rxh6+ Kg7 24. Bd3 Rh8 25. f5 gxf5 26. Rxh8 Rxh8 27. exf5
Qg5 28. f6+ Kf8 29. Qe1 Ne6 30. Bf5 Bc8 31. Qd1 Rh4 32. Qxd6+ Kg8 33. Qb8 Rxg4
34. Qxc8+ Nf8 35. Bxg4 Qe3+ 36. Kh1 {Storchnoi resigns} 1-0

[Event "ICS rated blitz match"]
[Site "204.178.125.65"]
[Date "1999.08.24"]
[Round "?"]
[White "Storchnoi"]
[Black "Hossa"]
[Result "0-1"]
[WhiteElo "2183"]
[BlackElo "2433"]
[PlyCount "76"]

1. d4 c5 2. d5 Nf6 3. c4 e5 4. Nc3 d6 5. e4 Be7 6. Nf3 O-O 7. Be2 Nfd7 8. O-O
f5 9. exf5 Rxf5 10. Bd3 Rf7 11. Ne4 Nf8 12. h3 Bf5 13. Ng3 Bxd3 14. Qxd3 Nbd7
15. Ne4 Ng6 16. g3 Nb6 17. Kg2 Qd7 18. Nfg5 Bxg5 19. Nxg5 Rf6 20. Ne4 Rff8 21.
Bd2 Rab8 22. a4 Nxa4 23. Qb3 b5 24. cxb5 Nb6 25. Be3 Nc8 26. Qc4 Rxb5 27. Ra2
Qb7 28. Bd2 Rxb2 29. Rxb2 Qxb2 30. Bc3 Qc2 31. Ng5 Nb6 32. Qg4 Qxc3 33. Qe6+
Kh8 34. Nf7+ Rxf7 35. Qxf7 h6 36. Qxg6 Qd4 37. Qxd6 Nxd5 38. h4 38... Ne3+ {
Storchnoi resigns} 0-1

[Event "ICS rated blitz match"]
[Site "204.178.125.65"]
[Date "1999.08.24"]
[Round "?"]
[White "brutus"]
[Black "Hossa"]
[Result "0-1"]
[WhiteElo "2141"]
[BlackElo "2466"]
[PlyCount "62"]

1. e4 c5 2. Nf3 d6 3. d4 cxd4 4. Nxd4 Nf6 5. Nc3 Nc6 6. Bc4 Nxd4 7. Qxd4 Bd7 8.
Bg5 Ng4 9. O-O h6 10. Bh4 e5 11. Qd5 Qxh4 12. Qxf7+ Kd8 13. h3 Nf6 14. Rad1
Nxe4 15. Nxe4 Qxe4 16. Be6 Bc6 17. f3 Qxc2 18. Rd5 Qxb2 19. Rfd1 Qb6+ 20. Kh1
Ba4 21. Rxe5 Qc7 22. Rd2 Qc1+ 23. Kh2 Qxd2 24. Rd5 Qb2 25. Ra5 Bc6 26. Rd5 Qxa2
27. Rxd6+ Bxd6+ 28. Kg1 Qa1+ 29. Kf2 Qd4+ 30. Kf1 Bb5+ 31. Ke1 31... Bg3# {
brutus checkmated} 0-1

[Event "ICS rated blitz match"]
[Site "204.178.125.65"]
[Date "1999.08.24"]
[Round "?"]
[White "Hossa"]
[Black "brutus"]
[Result "1/2-1/2"]
[WhiteElo "2470"]
[BlackElo "2137"]
[PlyCount "105"]

1. d4 Nf6 2. c4 g6 3. Nc3 d5 4. cxd5 Nxd5 5. e4 Nxc3 6. bxc3 Bg7 7. Bb5+ c6 8.
Be2 O-O 9. Nf3 Bg4 10. Ba3 Re8 11. O-O Nd7 12. Rb1 Qc7 13. Ng5 Bxe2 14. Qxe2 e5
15. Bb2 h6 16. Nh3 Rad8 17. f3 Nb6 18. Qf2 Nc4 19. Ba1 c5 20. d5 Nd6 21. Rbd1
b5 22. Bb2 a5 23. Rb1 Rb8 24. Rfc1 Rec8 25. Qg3 c4 26. Nf2 Qc5 27. Re1 b4 28.
cxb4 axb4 29. Bxe5 Bxe5 30. Qxe5 c3 31. Qf4 Ra8 32. Re2 Nc4 33. Qxh6 Nd2 34.
Rxd2 cxd2 35. Qxd2 Qc3 36. Qe2 Qc4 37. Qxc4 Rxc4 38. Nd3 Rxa2 39. Nxb4 Rd2 40.
g4 Rc3 41. Rf1 Rb3 42. Nc6 Rbb2 43. Ra1 Rg2+ 44. Kh1 Rxh2+ 45. Kg1 Rhg2+ 46.
Kh1 Rh2+ 47. Kg1 Rbg2+ 48. Kf1 Rf2+ 49. Kg1 Rhg2+ 50. Kh1 Rh2+ 51. Kg1 Rhg2+
52. Kh1 Rh2+ 53. Kg1 {Game drawn by repetition} 1/2-1/2

[Event "ICS rated blitz match"]
[Site "204.178.125.65"]
[Date "1999.08.24"]
[Round "?"]
[White "brutus"]
[Black "Hossa"]
[Result "0-1"]
[WhiteElo "2149"]
[BlackElo "2458"]
[PlyCount "150"]

1. e4 c5 2. Nf3 d6 3. d4 cxd4 4. Nxd4 Nf6 5. Nc3 Nc6 6. Bc4 e5 7. Nb3 Bg4 8. f3
Be6 9. Bd5 Bxd5 10. Nxd5 Nxd5 11. Qxd5 Qh4+ 12. g3 Qd8 13. Be3 Be7 14. O-O O-O
15. c3 Qd7 16. Rad1 Qh3 17. f4 Rad8 18. f5 Kh8 19. Nd2 Bh4 20. Rf3 Bf6 21. Kh1
Ne7 22. Qd3 d5 23. Qf1 Qxf1+ 24. Rfxf1 dxe4 25. Nxe4 b6 26. Nxf6 gxf6 27. g4
Nd5 28. Bh6 Rg8 29. h3 Ne7 30. Be3 Nc6 31. Kh2 Kg7 32. Kg3 Rxd1 33. Rxd1 Rd8
34. Rxd8 Nxd8 35. Kf3 Nc6 36. Ke4 Ne7 37. c4 Nc6 38. a3 Na5 39. Kd5 Nb3 40. Kc6
h5 41. Kb7 Na5+ 42. Kxa7 Nxc4 43. Bc1 hxg4 44. hxg4 e4 45. b3 Na5 46. Kxb6 Nxb3
47. Be3 Na1 48. a4 Nc2 49. Bf4 Nb4 50. a5 Nd5+ 51. Kc5 Nxf4 52. Kd4 Nd3 53.
Kxe4 Nb4 54. Kd4 Nc6+ 55. Ke4 Nxa5 56. Kf4 Nc4 57. g5 fxg5+ 58. Kxg5 f6+ 59.
Kf4 Nd6 60. Kg4 Kh6 61. Kf4 Kh5 62. Kf3 Kg5 63. Ke3 Kxf5 64. Kf3 Ke5 65. Kg3 f5
66. Kf3 f4 67. Kf2 Ke4 68. Kg2 f3+ 69. Kf1 Ke3 70. Ke1 f2+ 71. Kf1 Nf5 72. Kg2
Ke2 73. Kh3 Kf3 74. Kh2 f1=R 75. Kh3 75... Rh1# {brutus checkmated} 0-1

[Event "ICS rated blitz match"]
[Site "204.178.125.65"]
[Date "1999.08.24"]
[Round "?"]
[White "Hossa"]
[Black "Sabalero"]
[Result "1-0"]
[WhiteElo "2463"]
[BlackElo "2479"]
[PlyCount "63"]

1. d4 d6 2. Nf3 Bd7 3. e4 h5 4. Bc4 g6 5. c3 Bh6 6. Bxh6 Nxh6 7. Bd5 Nc6 8.
Nbd2 Kf8 9. Qc2 e6 10. Bxc6 bxc6 11. O-O Ng4 12. h3 Rh6 13. e5 d5 14. Nb3 Rb8
15. Qd2 Rh8 16. hxg4 hxg4 17. Ng5 Rh5 18. f4 gxf3 19. Nxf3 Kg7 20. c4 Qh8 21.
Kf2 Rf5 22. Nc5 Qe8 23. g4 Rxf3+ 24. Kxf3 Rb4 25. Qxb4 Qe7 26. Qa5 Qd8 27. Qxa7
Be8 28. cxd5 cxd5 29. Kg3 Qg5 30. Qxc7 Qe3+ 31. Rf3 Qxd4 32. Nxe6+ {
Sabalero resigns} 1-0

[Event "ICS rated blitz match"]
[Site "204.178.125.65"]
[Date "1999.08.24"]
[Round "?"]
[White "Sabalero"]
[Black "Hossa"]
[Result "0-1"]
[WhiteElo "2484"]
[BlackElo "2480"]
[PlyCount "57"]

1. h4 d5 2. d3 e5 3. Bd2 f5 4. Na3 Bxa3 5. bxa3 Nf6 6. Bb4 Nbd7 7. g3 c5 8. Bd2
O-O 9. Bh3 Nb6 10. Qc1 Qe7 11. Bg2 Qe6 12. Qb2 Ng4 13. e3 Rb8 14. Ne2 Bd7 15.
Bc3 d4 16. Bd2 Bc6 17. Bxc6 Qxc6 18. O-O-O Nxf2 19. Rhf1 Nxd1 20. Rxd1 Qf3 21.
Ng1 Qxg3 22. exd4 cxd4 23. Qb3+ Kh8 24. Be1 Qxg1 25. Bb4 Qe3+ 26. Bd2 Qg3 27.
Be1 Qf3 28. Bd2 Rbc8 29. Kb1 {Sabalero resigns} 0-1

[Event "ICS rated blitz match"]
[Site "204.178.125.65"]
[Date "1999.08.24"]
[Round "?"]
[White "Hossa"]
[Black "Sabalero"]
[Result "1-0"]
[WhiteElo "2496"]
[BlackElo "2468"]
[PlyCount "127"]

1. d4 d6 2. Nf3 e6 3. e4 h6 4. Bb5+ Nd7 5. O-O a6 6. Bxd7+ Bxd7 7. Re1 g6 8.
Bf4 Bg7 9. c4 Ne7 10. Nc3 Rb8 11. b3 Ra8 12. Qd3 Rb8 13. Rad1 Ra8 14. Rd2 Rb8
15. a4 Ra8 16. Rde2 Rb8 17. Be3 Ra8 18. Qd2 Rb8 19. Rd1 Ra8 20. Kh1 Rb8 21.
Ree1 Ra8 22. Bf4 Rb8 23. Qd3 Ra8 24. Re2 Rb8 25. Rf1 Ra8 26. Rfe1 Rb8 27. Rd2
Ra8 28. Qe3 Rb8 29. Bg3 Ra8 30. Rdd1 Rb8 31. Bf4 Ra8 32. Re2 Rb8 33. Kg1 Ra8
34. Rde1 Rb8 35. Rf1 Ra8 36. Bg3 Rb8 37. Rd1 Ra8 38. Bh4 Rb8 39. Rde1 Ra8 40.
Kh1 Rb8 41. Bg3 Ra8 42. Bf4 Rb8 43. Rd2 Ra8 44. Ree2 Rb8 45. Kg1 Ra8 46. b4 Rb8
47. c5 d5 48. exd5 exd5 49. Bxc7 Be6 50. Bxd8 Rxd8 51. Ne5 Kf8 52. Nxf7 Kxf7
53. Qxe6+ Kf8 54. Qxe7+ Kg8 55. Qxd8+ Kh7 56. Qc7 Rg8 57. Qxb7 h5 58. Re7 Kh6
59. Rxg7 Rxg7 60. Qxg7+ Kxg7 61. Nxd5 Kf7 62. Re2 g5 63. b5 a5 64. b6 {
Sabalero resigns} 1-0

[Event "ICS rated blitz match"]
[Site "204.178.125.65"]
[Date "1999.08.24"]
[Round "?"]
[White "Hossa"]
[Black "Talmoves"]
[Result "0-1"]
[WhiteElo "2511"]
[BlackElo "2560"]
[PlyCount "174"]

1. d4 Nf6 2. c4 e6 3. Nc3 Bb4 4. Bg5 h6 5. Bh4 c5 6. d5 d6 7. Rc1 e5 8. f3 Nbd7
9. e4 O-O 10. Bd3 Nb6 11. Nge2 Bd7 12. O-O a6 13. a3 Ba5 14. Rb1 Nc8 15. Qc1
Kh8 16. f4 exf4 17. Qxf4 Bc7 18. Bxf6 Qxf6 19. Qxf6 gxf6 20. Rxf6 Bd8 21. Rf3
Bg4 22. Rf4 Bxe2 23. Bxe2 Bg5 24. Rf3 Nb6 25. b4 Nd7 26. Na4 cxb4 27. Rxb4 Ra7
28. g3 Kg7 29. Rfb3 Rb8 30. Rb1 Be3+ 31. Kg2 Nc5 32. Kf3 a5 33. Kxe3 axb4 34.
Nxc5 bxa3 35. Nd3 Rc8 36. e5 dxe5 37. Nb4 a2 38. Ra1 Ra4 39. Nc2 b5 40. Ke4
bxc4 41. Bd1 c3+ 42. Kxe5 Re8+ 43. Kd6 Kf8 44. Kc6 Ree4 45. Bf3 Rec4+ 46. Kb5
Ke7 47. Be2 Re4 48. Bd3 Rg4 49. Bf5 Rgd4 50. Nxd4 Rxd4 51. Kc5 Rd2 52. h4 c2
53. Bg4 f5 54. Bh5 c1=Q+ 55. Rxc1 Rc2+ 56. Rxc2 a1=Q 57. Re2+ Kd7 58. Be8+ Kd8
59. Bc6 Qc3+ 60. Kb6 Qd4+ 61. Ka6 Qc5 62. Ba4 Qa3 63. Re8+ Kc7 64. Kb5 Qd3+ 65.
Kb4 Qxg3 66. h5 Qh4+ 67. Kb5 f4 68. Kc5 Qf2+ 69. Kc4 Qf1+ 70. Kc5 Qc1+ 71. Kb4
f3 72. Bb5 f2 73. Rf8 Qb2+ 74. Ka4 Qc3 75. Rf4 Qa1+ 76. Kb4 Kb6 77. Bc4 Qb2+
78. Bb3 Qd2+ 79. Ka3 Qc1+ 80. Ka2 Qxf4 81. d6 Qd2+ 82. Ka3 Qxd6+ 83. Kb2 Qd2+
84. Ka3 Qc1+ 85. Ka2 f1=Q 86. Bd1 Qd3 87. Bc2 87... Qdxc2# {Hossa checkmated}
0-1

[Event "ICS rated blitz match"]
[Site "204.178.125.65"]
[Date "1999.08.24"]
[Round "?"]
[White "Talmoves"]
[Black "Hossa"]
[Result "0-1"]
[WhiteElo "2574"]
[BlackElo "2497"]
[PlyCount "121"]

1. e4 c5 2. Nf3 d6 3. d4 cxd4 4. Nxd4 Nf6 5. Nc3 Nc6 6. Bg5 e6 7. Qd2 a6 8.
O-O-O h6 9. Be3 Be7 10. f4 Nxd4 11. Bxd4 b5 12. Bd3 O-O 13. Qe3 b4 14. Ne2 Bb7
15. e5 dxe5 16. fxe5 Nd5 17. Qg3 Bh4 18. Qh3 b3 19. axb3 Bg5+ 20. Kb1 Qa5 21.
c3 Nf4 22. Nxf4 Bxf4 23. b4 Qc7 24. Rhe1 Bg5 25. Qg4 Bd5 26. Bc5 Rfc8 27. c4
Bb7 28. h4 Be7 29. Bxe7 Qxe7 30. c5 a5 31. Re3 axb4 32. Rg3 Qf8 33. Qf4 Kh8 34.
Qxb4 Bd5 35. Rc1 Ba2+ 36. Ka1 Rcb8 37. Qd4 Rd8 38. Qc3 Qe7 39. Rh1 Qb7 40. Rf1
Ra4 41. c6 Qc7 42. Re3 Qa7 43. b3 Bxb3+ 44. Kb1 Ba2+ 45. Kc2 Qxe3 46. c7 Rc8
47. Rxf7 Rxh4 48. Kb2 Ra4 49. Rf8+ Rxf8 50. c8=Q Qb6+ 51. Kc1 Qg1+ 52. Kb2 Ra8
53. Qxf8+ Rxf8 54. Kxa2 Qxg2+ 55. Bc2 Ra8+ 56. Kb2 Qf1 57. Bb3 Qa1+ 58. Kc2
Qxc3+ 59. Kxc3 Ra3 60. Kc2 Rxb3 61. Kd2 {Talmoves resigns} 0-1

[Event "ICS rated blitz match"]
[Site "204.178.125.65"]
[Date "1999.08.24"]
[Round "?"]
[White "Hossa"]
[Black "Talmoves"]
[Result "0-1"]
[WhiteElo "2516"]
[BlackElo "2555"]
[PlyCount "164"]

1. d4 Nf6 2. c4 e6 3. Nc3 Bb4 4. Bg5 h6 5. Bh4 c5 6. d5 d6 7. Rc1 e5 8. f3 Nbd7
9. e4 Ba5 10. Bd3 Nb6 11. Nge2 O-O 12. O-O Bd7 13. f4 exf4 14. Bxf6 Qxf6 15.
Rxf4 Qg5 16. Qd2 Rae8 17. Rcf1 Re5 18. Qe3 Bxc3 19. Nxc3 f6 20. b3 a6 21. a4
Na8 22. R1f3 Qh5 23. Rg3 Rg5 24. Ne2 Re8 25. Qf3 Qxf3 26. gxf3 a5 27. Nc3 f5
28. Rh4 Nb6 29. Rxg5 hxg5 30. Rh5 g4 31. f4 g6 32. Rg5 Kf7 33. Kg2 Re7 34. Kf2
Kf6 35. Kg1 Rh7 36. Ne2 fxe4 37. Bxe4 Rh6 38. Ng3 Na8 39. Bd3 Nc7 40. Be2 Bc8
41. Ne4+ Ke7 42. Bxg4 Bxg4 43. Rxg4 Ne8 44. Rg3 Ng7 45. Re3 Nf5 46. Re1 Kd7 47.
Nf6+ Kc7 48. Re8 Rh3 49. Rg8 Rxb3 50. Rxg6 Rb1+ 51. Kf2 Rb2+ 52. Ke1 Rxh2 53.
Ne4 Rc2 54. Nd2 Ne3 55. Rg7+ Kb6 56. Rd7 Nxc4 57. Ne4 Ra2 58. Nxd6 Nxd6 59.
Rxd6+ Kc7 60. Re6 Rxa4 61. f5 Kd7 62. f6 b5 63. Rc6 Re4+ 64. Kf2 c4 65. Rc5 b4
66. Kf3 Re1 67. Kg4 c3 68. Kh5 a4 69. Rc4 Rh1+ 70. Kg5 a3 71. f7 Rf1 72. Rh4 c2
73. Rc4 b3 74. f8=Q Rxf8 75. Kg6 b2 76. Ra4 c1=Q 77. Kg7 Qg1+ 78. Kxf8 b1=R 79.
Rf4 Qg6 80. Rf7+ Kd6 81. Rf6+ Qxf6+ 82. Ke8 82... Re1# {Hossa checkmated} 0-1

[Event "ICS rated blitz match"]
[Site "204.178.125.65"]
[Date "1999.08.24"]
[Round "?"]
[White "Talmoves"]
[Black "Hossa"]
[Result "1-0"]
[WhiteElo "2569"]
[BlackElo "2502"]
[PlyCount "81"]

1. e4 c5 2. Nf3 d6 3. d4 cxd4 4. Nxd4 Nf6 5. Nc3 Nc6 6. Bg5 e6 7. Qd2 a6 8.
O-O-O h6 9. Be3 Be7 10. f4 Nxd4 11. Bxd4 b5 12. Bd3 O-O 13. Qe1 Bb7 14. a3 b4
15. axb4 d5 16. exd5 exd5 17. Bc5 Bxc5 18. bxc5 d4 19. Ne2 Bxg2 20. Rg1 Bf3 21.
Qg3 Bg4 22. h3 Qa5 23. hxg4 Rfb8 24. Kb1 Qb4 25. b3 Rc8 26. g5 hxg5 27. Qxg5
Ne8 28. Qh6 Rxc5 29. Be4 Rd8 30. Qh4 Rd6 31. Rh1 Kf8 32. Qe1 Qa3 33. Rh8+ Ke7
34. Nxd4 Re6 35. Qh4+ Nf6 36. Nc6+ Rcxc6 37. Rdd8 g5 38. Qxg5 Qc1+ 39. Kxc1
Rxc2+ 40. Kxc2 a5 41. Rhe8# {Hossa checkmated} 1-0

[Event "ICS rated blitz match"]
[Site "204.178.125.65"]
[Date "1999.08.24"]
[Round "?"]
[White "NETAO"]
[Black "Hossa"]
[Result "0-1"]
[WhiteElo "2184"]
[BlackElo "2489"]
[PlyCount "64"]

1. e4 c5 2. Nf3 d6 3. c3 Nf6 4. Qc2 Nbd7 5. d4 cxd4 6. cxd4 e6 7. Nc3 d5 8. e5
Ne4 9. Nxe4 dxe4 10. Qxe4 Nb6 11. Bb5+ Bd7 12. Bxd7+ Qxd7 13. O-O Nd5 14. Bd2
Rd8 15. Rac1 Bb4 16. Bxb4 Nxb4 17. a3 Nc6 18. Rfd1 Qe7 19. b4 O-O 20. h4 Rd5
21. Rc5 Rfd8 22. Rxd5 Rxd5 23. Rd2 a5 24. bxa5 Qxa3 25. Ng5 Qc1+ 26. Kh2 Qxd2
27. Qxh7+ Kf8 28. Qh8+ Ke7 29. Qxg7 Qf4+ 30. Kh3 Nxd4 31. Nh7 Qxh4+ 32. Kxh4
32... Nf5+ {NETAO resigns} 0-1

[Event "ICS rated blitz match"]
[Site "204.178.125.65"]
[Date "1999.08.24"]
[Round "?"]
[White "Hossa"]
[Black "NETAO"]
[Result "1-0"]
[WhiteElo "2494"]
[BlackElo "2179"]
[PlyCount "21"]

1. d4 Nf6 2. c4 e5 3. dxe5 Ng4 4. Bf4 Nc6 5. Nf3 Bb4+ 6. Nc3 Qe7 7. Rc1 Ncxe5
8. Nxe5 Nxe5 9. Bxe5 Qxe5 10. e3 d6 11. Qa4+ {NETAO resigns} 1-0

[Event "ICS rated blitz match"]
[Site "204.178.125.65"]
[Date "1999.08.24"]
[Round "?"]
[White "Hossa"]
[Black "sega"]
[Result "1-0"]
[WhiteElo "2502"]
[BlackElo "2134"]
[PlyCount "35"]

1. d4 d5 2. Nf3 Nf6 3. c4 e6 4. Nc3 Nbd7 5. Bg5 Be7 6. e3 O-O 7. Bd3 b6 8. O-O
Bb7 9. cxd5 Nxd5 10. Bxe7 Qxe7 11. Nxd5 Bxd5 12. Qc2 Kh8 13. e4 Bb7 14. Qxc7
Rab8 15. Ne5 Rfd8 16. Bb5 Bxe4 17. Nxd7 Rb7 18. Qf4 {sega resigns} 1-0

[Event "ICS rated blitz match"]
[Site "204.178.125.65"]
[Date "1999.08.24"]
[Round "?"]
[White "MateGoD"]
[Black "Hossa"]
[Result "1-0"]
[WhiteElo "2418"]
[BlackElo "2505"]
[PlyCount "131"]

1. d4 c5 2. Nf3 cxd4 3. Nxd4 d5 4. e4 dxe4 5. Be2 e5 6. Nb5 Qxd1+ 7. Kxd1 Na6
8. Be3 Bf5 9. Nd2 Bb4 10. a3 Be7 11. Nc4 Rd8+ 12. Kc1 f6 13. Na5 b6 14. Nc6 Rd7
15. Nbxa7 Nc5 16. b4 Ne6 17. Nxe7 Nf4 18. Nxf5 Nxe2+ 19. Kb2 g6 20. Rhd1 gxf5
21. Rxd7 Kxd7 22. Rd1+ Kc7 23. Nb5+ Kc6 24. c4 Nd4 25. Bxd4 exd4 26. Nxd4+ Kd6
27. Nxf5+ Ke6 28. Ng3 Ne7 29. Nxe4 Rg8 30. Rd6+ Ke5 31. Rxb6 Rxg2 32. Nc5 Rxf2+
33. Kc3 Rf3+ 34. Nd3+ Kf5 35. Kd4 Kg5 36. Re6 Nf5+ 37. Kc3 Rh3 38. Re2 Ne3 39.
b5 Nf5 40. c5 Rh4 41. Rg2+ Kh5 42. b6 Nd4 43. Nb4 Nb5+ 44. Kb2 Re4 45. Nd5 Kh4
46. Nxf6 Re7 47. c6 Nd6 48. Rg4+ Kh3 49. Rd4 Re2+ 50. Kb3 Re3+ 51. Ka4 Re6 52.
b7 Nxb7 53. cxb7 Rb6 54. Rb4 Ra6+ 55. Kb3 Rxf6 56. b8=Q Kg2 57. Rh4 Rf3+ 58.
Kb4 Rf1 59. Rg4+ Kf2 60. Qf8+ Ke2 61. Rg2+ Ke3 62. Qxf1 Ke4 63. Re2+ Kd5 64.
Qf6 h5 65. Re5+ Kd4 66. Qd6# {Hossa checkmated} 1-0

[Event "ICS rated blitz match"]
[Site "204.178.125.65"]
[Date "1999.08.24"]
[Round "?"]
[White "Hossa"]
[Black "JudgeTurpin"]
[Result "1-0"]
[WhiteElo "2485"]
[BlackElo "2591"]
[PlyCount "167"]

1. d4 d5 2. c4 e5 3. dxe5 d4 4. Nf3 Nc6 5. Bf4 Bb4+ 6. Nbd2 Nge7 7. a3 Ng6 8.
Bg3 Bxd2+ 9. Qxd2 Bg4 10. O-O-O O-O 11. Nxd4 Ncxe5 12. h3 Bh5 13. Qc2 Qg5+ 14.
Rd2 c5 15. Nb3 Rfd8 16. e4 b6 17. h4 Qg4 18. Rd5 f6 19. Qd2 Re8 20. Bxe5 Nxe5
21. f3 Qg6 22. Qf4 Qf7 23. g4 Qc7 24. Qh2 Bf7 25. Rd1 Rad8 26. Rxd8 Rxd8 27.
Nd2 Qd7 28. Qe2 h5 29. gxh5 Bxh5 30. Rh3 Kf7 31. Rg3 Ng6 32. Qh2 Qd6 33. Rg2
Nf4 34. Rf2 Nd3+ 35. Bxd3 Qxd3 36. Qc7+ Rd7 37. Qf4 a6 38. Rg2 Rd4 39. Qc7+ Rd7
40. Qg3 Ke6 41. Qf4 Kf7 42. Rg5 Qxd2+ 43. Qxd2 Rxd2 44. Rxh5 Rd4 45. Rd5 Rxc4+
46. Kd2 Ke6 47. h5 a5 48. Kd3 Rc1 49. f4 Rb1 50. Kc2 Rh1 51. Rd8 Rh2+ 52. Kc3
Re2 53. Rb8 Rxe4 54. Rxb6+ Kd5 55. Rb7 Re3+ 56. Kc2 Rg3 57. Rb5 Rg4 58. Rxa5
Rxf4 59. b4 Rf2+ 60. Kd1 Rf1+ 61. Kd2 Rf2+ 62. Ke3 Rc2 63. bxc5 Rxc5 64. Rxc5+
Kxc5 65. Ke4 Kc4 66. a4 Kb4 67. a5 Kxa5 68. Kf5 Kb4 69. Kg6 Kc4 70. Kxg7 f5 71.
h6 Kd4 72. h7 f4 73. h8=Q Ke3 74. Qh6 Ke4 75. Kf6 f3 76. Qd2 f2 77. Qxf2 Kd5
78. Qd2+ Kc5 79. Qc3+ Kd5 80. Qb4 Kc6 81. Ke6 Kc7 82. Qb5 Kc8 83. Kd6 Kd8 84.
Qb8# {JudgeTurpin checkmated} 1-0

[Event "ICS Rated blitz match"]
[Site "204.178.125.65"]
[Date "1999.08.24"]
[Round "?"]
[White "PostModernist"]
[Black "Hossa"]
[Result "1-0"]
[WhiteElo "2543"]
[BlackElo "2506"]
[PlyCount "75"]

1. d4 d5 2. c4 e6 3. Nc3 dxc4 4. Nf3 Nd7 5. e4 Nb6 6. Bxc4 Nxc4 7. Qa4+ Bd7 8.
Qxc4 Nf6 9. e5 Nd5 10. Nxd5 exd5 11. Qxd5 Bc6 12. Qxd8+ Rxd8 13. Bg5 Rd7 14.
O-O-O Bd5 15. a3 c6 16. Rhe1 h6 17. Be3 Be7 18. Nd2 Kd8 19. f4 h5 20. g3 h4 21.
g4 Kc7 22. f5 Re8 23. Bf4 Kb6 24. f6 Bf8 25. fxg7 Bxg7 26. Ne4 Bxe4 27. Rxe4
Rd5 28. Rf1 Rc8 29. Be3 Rc7 30. g5 h3 31. Rf3 Re7 32. Rxh3 f6 33. gxf6 Bxf6 34.
Rg4 Bg7 35. Rh7 Bf8 36. Rxe7 Bxe7 37. Rg7 Bh4 38. Rh7 {Hossa resigns} 1-0

[Event "ICS Rated blitz match"]
[Site "204.178.125.65"]
[Date "1999.08.24"]
[Round "?"]
[White "Hossa"]
[Black "PostModernist"]
[Result "0-1"]
[WhiteElo "2492"]
[BlackElo "2557"]
[PlyCount "74"]

1. d4 d5 2. c4 c6 3. Nc3 Nf6 4. cxd5 cxd5 5. e3 Bf5 6. Bb5+ Nc6 7. Bxc6+ bxc6
8. Nge2 e6 9. Ng3 Bg6 10. Bd2 Rb8 11. Na4 Bd6 12. Rc1 Qc7 13. Qe2 O-O 14. O-O
Ne4 15. b3 Rfd8 16. Qe1 Nxg3 17. fxg3 Re8 18. Nc5 Qe7 19. Qf2 Bf5 20. Qe2 Red8
21. Na6 Rbc8 22. Ba5 Re8 23. Nc5 Qg5 24. Rc3 e5 25. Qf3 exd4 26. exd4 g6 27.
Qf2 Re7 28. Bb4 Rce8 29. Ne4 Rxe4 30. Bxd6 Re2 31. Qf3 Qd2 32. Rxc6 Qxd4+ 33.
Kh1 Rxa2 34. Rc5 Rxg2 35. Rxd5 Rg1+ 36. Rxg1 Be4 37. Rf5 37... gxf5 {
Hossa resigns} 0-1

[Event "ICS Rated blitz match"]
[Site "204.178.125.65"]
[Date "1999.08.24"]
[Round "?"]
[White "PostModernist"]
[Black "Hossa"]
[Result "1-0"]
[WhiteElo "2570"]
[BlackElo "2485"]
[PlyCount "88"]

1. d4 d5 2. c4 e6 3. Nc3 dxc4 4. e4 e5 5. dxe5 Qxd1+ 6. Kxd1 Bg4+ 7. f3 Be6 8.
Nd5 Bxd5 9. exd5 Nd7 10. e6 Nb6 11. Be3 Rd8 12. Bxb6 axb6 13. exf7+ Kxf7 14.
Bxc4 b5 15. Bb3 c5 16. Nh3 c4 17. Bc2 Rxd5+ 18. Kc1 g6 19. Be4 Bh6+ 20. f4 Rd4
21. Bxb7 Bxf4+ 22. Nxf4 Rxf4 23. a4 b4 24. a5 Nf6 25. a6 Ne8 26. a7 Nc7 27.
a8=Q Nxa8 28. Bxa8 c3 29. bxc3 bxc3 30. Ra7+ Kf6 31. Bf3 Rc4 32. Re1 Rc5 33.
Re3 Rc4 34. Kc2 Rhc8 35. Rxh7 R4c5 36. Bb7 R8c7 37. Rxc7 Rxc7 38. Bf3 g5 39.
Rxc3 Rh7 40. h3 Rh8 41. Rc6+ Kf7 42. Bd5+ Kg7 43. Kd3 Re8 44. Rd6 44... Re1 {
Hossa resigns} 1-0

[Event "ICS Rated bullet match"]
[Site "204.178.125.65"]
[Date "1999.08.24"]
[Round "?"]
[White "Hossa"]
[Black "JSBach"]
[Result "1-0"]
[WhiteElo "2311"]
[BlackElo "2080"]
[PlyCount "101"]

1. d4 d5 2. c4 dxc4 3. e4 Nf6 4. e5 Nd5 5. Bxc4 e6 6. Nf3 Nc6 7. Bxd5 Qxd5 8.
O-O Bb4 9. Be3 O-O 10. Ng5 h6 11. Nf3 Bd7 12. a3 Be7 13. Nc3 Qc4 14. d5 Na5 15.
Nd2 Qd3 16. Qg4 Qh7 17. b4 Qd3 18. Bxh6 Qg6 19. Qxg6 fxg6 20. Be3 exd5 21. Nxd5
Nc6 22. b5 Bxa3 23. bxc6 bxc6 24. Nxc7 Rac8 25. Rxa3 Rxc7 26. Rxa7 Rxa7 27.
Bxa7 Ra8 28. Ra1 c5 29. Ra3 Re8 30. Nc4 Rd8 31. Rd3 Kh7 32. Nb6 c4 33. Rxd7
Rxd7 34. Nxd7 g5 35. Bd4 g4 36. e6 Kg8 37. Bc3 g3 38. hxg3 g6 39. f4 Kh7 40. g4
Kg8 41. Ne5 Kf8 42. Nxg6+ Kg8 43. g5 Kh7 44. e7 Kxg6 45. e8=Q+ Kf5 46. Qf7+ Ke4
47. Qxc4+ Kf5 48. Qd5+ Kg4 49. Qe6+ Kh5 50. Bb2 Kh4 51. Qh3# {JSBach checkmated
} 1-0

[Event "ICS rated blitz match"]
[Site "204.178.125.65"]
[Date "1999.08.24"]
[Round "?"]
[White "Hossa"]
[Black "WoodPusher3"]
[Result "0-1"]
[WhiteElo "2483"]
[BlackElo "2125"]
[PlyCount "73"]

1. d4 Nf6 2. c4 g6 3. Nc3 d5 4. cxd5 Nxd5 5. e4 Nxc3 6. bxc3 Bg7 7. Bb5+ c6 8.
Be2 O-O 9. Bg5 Qa5 10. Qd2 e6 11. Nf3 Nd7 12. Rd1 Nf6 13. Bxf6 Bxf6 14. O-O Rd8
15. Bd3 e5 16. Nxe5 Bxe5 17. dxe5 Qxe5 18. f3 Be6 19. Qb2 b6 20. Rf2 Rd6 21. f4
Qc5 22. e5 Rd5 23. Kf1 Rad8 24. Rfd2 Qe3 25. Qc2 Bf5 26. e6 Bxd3+ 27. Rxd3 Rxd3
28. exf7+ Kg7 29. Rxd3 Qxd3+ 30. Qxd3 Rxd3 31. c4 Rc3 32. h4 Rxc4 33. g3 Kxf7
34. Ke2 Rc2+ 35. Kd1 Rxa2 36. h5 gxh5 37. Kc1 {Hossa resigns} 0-1